Světová novinka aneb pojistěte si vybranou fakturu
Projekt Insia predstavuje svetovú novinku v oblasti poistenia samostatných faktúr pre malých podnikateľov a živnostníkov. Riziko odoberateľa je preverované online v reálnom čase a zároveň má klient neustály prehľad o stave vymáhaných pohľadávok. Opis fungovania poistného procesu.
Guardado en:
| Autor principal: | |
|---|---|
| Formato: | Capítulo de libro |
| Lenguaje: | checo |
| Materias: | |
| Etiquetas: |
Sin Etiquetas, Sea el primero en etiquetar este registro!
|
MARC
| LEADER | 00000naa a2200000 4500 | ||
|---|---|---|---|
| 001 | 0237859 | ||
| 005 | 20221104110626.7 | ||
| 041 | 0 | |a cze | |
| 044 | |a CZ | ||
| 245 | 1 | 0 | |a Světová novinka aneb pojistěte si vybranou fakturu |c Martina Sobková |
| 520 | |a Projekt Insia predstavuje svetovú novinku v oblasti poistenia samostatných faktúr pre malých podnikateľov a živnostníkov. Riziko odoberateľa je preverované online v reálnom čase a zároveň má klient neustály prehľad o stave vymáhaných pohľadávok. Opis fungovania poistného procesu. | ||
| 610 | 2 | 0 | |a poisťovníctvo |
| 610 | 2 | 0 | |a technológie nové |
| 610 | 2 | 0 | |a podnikanie malé |
| 610 | 2 | 0 | |a podnikanie stredné |
| 610 | 2 | 0 | |a faktúry |
| 610 | 2 | 0 | |a projekty |
| 100 | 1 | |a Sobková, Martina | |